54 aplicaciones del Visicalc

Guardat en:
Dades bibliogràfiques
Autor principal: Flast, Robert (Autor)
Format: Llibre
Idioma:espanyol
Publicat: Madrid Osborne-McGraw-Hill 1985
Matèries:
Etiquetes: Afegir etiqueta
Sense etiquetes, Sigues el primer a etiquetar aquest registre!

MARC

LEADER 00000nam a2200000 a 4500
001 UCV6770
003 CL-VaPUC
008 900727e19850000SP |||||||||||||||||spa|d
082 0 4 |a 005.362  |b FLA  |2 21 
100 0 |a Flast, Robert  |e author  |9 300810 
245 1 0 |a 54 aplicaciones del Visicalc 
300 |a 277 p 
942 |c BK 
945 |d 19900727 00:00:00 
260 |a Madrid  |b Osborne-McGraw-Hill  |c 1985 
650 0 |a VisiCalc  |x Programa para computador  |9 270223 
650 0 |a Programas de computadores   |9 260046 
650 7 |a BASIC  |2 CL-VaPUC  |9 259771 
650 0 |a Lenguajes de programación   |9 259458 
650 0 |a Computadores  |9 258188 
650 0 |a Estadística   |9 259535 
650 0 |a Matemática  |9 260235 
650 0 |a Finanzas  |9 260832 
583 |a last modification  |c 19900727 00:00:00  |k Rodrigo Vera 
999 |c 212647  |d 212645